00239nam a2200097Ia 4500008004100000041001200041100001200053245006400065260000600129650000600135221030s9999 xx 000 0 und d aEnglish aECA/BPB 0aUp- To- Date CMOS 4000 Data & Comparison Tablescby ECA/BPB c0 aB